000 02351nam a22003737 4500
999 _c56790
_d56790
001 RU\PGU\BOOKS\2095
005 20190423175653.0
008 190423s2006 ru ||||| |||| 00| 0 rus d
020 _a5209019624
040 _a1901371X
041 0 0 _arus
080 0 0 _a341.225.5(075.8)
090 _a1901616
_fБ-ка I-1901617; 1913399
091 0 0 _aХ912.52я73-1
091 _a67.91
091 _a34М
092 0 0 _a10.87
100 1 _aСокиркин, Владимир Алексеевич
_9441
245 0 0 _aМеждународное морское право :
_bучебное пособие /
_hТекст.
_nЧ. 1-3
_pЧ.1: Субъекты международного морского права. Взаимоотношения между субъектами международного морского права
_pЧ.2: Правовой режим путей международного торгового судоходства
_pЧ.3: Международное морское транспортное право
_cВ. А. Сокиркин, В. С. Шитарёв
260 _aМ. :
_bИзд-во Рос. ун-та дружбы народов,
_c2006.
300 _a299, [1] с.
_c21 см.
500 _a500 экз.
504 _aБиблиогр.: с. 297-300
520 _aВ пособии рассматриваются проблемы судоходства на основании Конвенции ООН по морскому праву 1982 г. и связанные с ней международные конвенции
521 0 _aДля студентов, аспирантов и стажеров юридических факультетов и вузов, специализирующихся по международному праву, а также курсантов морских колледжей и академий
650 _aМорское право международное
_9442
653 _aსამართალი
653 1 _aსაჯარო სამართალი
653 1 _aსაერთაშორისო სამართალი
700 _aШитарёв, Виктор Сергеевич
_9445
710 _gинновационная образовательная программа
_9443
876 _p3000046071
942 _2udc
_cBK